|
|
|
|
| LEADER |
01324nam a2200289 a 4500 |
| 001 |
16114 |
| 003 |
BD-DhAAL |
| 008 |
090419s2002 inua b 001 0 eng |
| 999 |
|
|
|c 168
|d 168
|
| 010 |
|
|
|a \2001099415
|
| 020 |
|
|
|a 0028643259
|
| 040 |
|
|
|a DLC
|c DLC
|d DLC
|d BD-DhAAL
|
| 050 |
0 |
0 |
|a BJ1012
|b .I54 2002
|
| 082 |
0 |
0 |
|a 170
|2 21
|
| 100 |
1 |
|
|a Ingram, David,
|d 1952-
|9 41393
|
| 245 |
1 |
4 |
|a The complete idiot's guide to understanding ethics /
|c David Bruce Ingram and Jennifer A. Parks.
|
| 246 |
3 |
0 |
|a Understanding ethics
|
| 260 |
|
|
|a Indianapolis, IN :
|b Alpha Books,
|c c2002.
|
| 300 |
|
|
|a xv, 362 pages :
|b illustrations ;
|c 24 cm.
|
| 504 |
|
|
|a Includes bibliographical references (pages 343]-345) and index.
|
| 541 |
1 |
|
|e 16114, 16131
|
| 650 |
|
0 |
|a Ethics.
|9 41394
|
| 700 |
1 |
|
|a Parks, Jennifer A.
|9 41395
|
| 852 |
4 |
|
|a Ayesha Abed Library
|j General Stacks
|
| 942 |
|
|
|2 ddc
|c BK
|
| 952 |
|
|
|0 0
|1 0
|2 ddc
|4 1
|6 170_000000000000000_ING
|7 0
|9 13644
|a BRACUL
|b BRACUL
|c SPS
|d 2010-12-15
|l 4
|m 6
|o 170 ING
|p 3010016131
|q 2021-06-01
|r 2019-07-17
|s 2019-07-17
|t 2
|w 2010-12-15
|y BK
|x Photocopy Book. Declared as Damaged on December 10, 2023
|
| 952 |
|
|
|0 0
|1 0
|2 ddc
|4 1
|6 170_000000000000000_ING
|7 0
|9 13646
|a BRACUL
|b BRACUL
|c SPS
|d 2010-12-15
|l 3
|m 1
|o 170 ING
|p 3010016114
|r 2014-04-02
|s 2014-04-01
|t 1
|w 2010-12-15
|y BK
|x Photocopy Book. Declared as Damaged on December 10, 2023
|